| 000 | 00481nam a2200193Ia 4500 | ||
|---|---|---|---|
| 003 | GCL | ||
| 008 | 140319s9999 xx 000 0 eng d | ||
| 040 |
_aGCL / _cGCL |
||
| 082 | 0 | 4 |
_aCC _b398.245 _bM C |
| 100 | 1 | _aMALEK, JAROMIR | |
| 245 | 1 | 0 |
_aTHE CAT IN ANCIENT EGYPT / _cMALEK, JAROMIR |
| 260 |
_a[S.N] : _bBRITISH MUSEUM PRESS ، _c1993 |
||
| 300 | _a144 P | ||
| 650 | 0 | 4 | _aMYTHS |
| 650 | 0 | 4 | _aEGYPT |
| 650 | 0 | 4 | _aANCIENT EGYPT |
| 650 | 0 | 4 | _aEGYPTOLOGY |
| 942 |
_2ddc _cBK |
||
| 999 |
_c25064 _d25064 |
||